Teoría contable /

Guardado en:
Autor Principal: Viegas, Juan Carlos
Otros Autores: Chaves, Osvaldo A., Chyrikins, Héctor, Dealecsandris, Ricardo P., Pahlen Acuña, Ricardo J. M.
Formato: Libro
Publicado: Buenos Aires : Macchi, 1998
Series:Contabilidad
Materias:
Etiquetas: Agregar Etiqueta
Sin Etiquetas, Sea el primero en etiquetar este registro!
LEADER 01783nam a22002655a 4500
001 CEM.cems009664
005 20080723111351.0
008 130507s1998##################000#0#####d
003 CEMS
020 |a 9505374224 
082 0 4 |a 657 
100 1 |a Viegas, Juan Carlos 
245 1 0 |a Teoría contable /  |c Juan Carlos Viegas ... [et Al.] 
260 |a Buenos Aires :  |b Macchi,  |c 1998 
300 |a 413 p. 
490 0 |a Contabilidad 
505 0 |a La contabilidad y sus objetivos -- La actividad económica: los entes, la hacienda, las organizaciones -- Sistema de información contable -- La información contable -- Características y requisitos -- Información contable patrimonial -- Información contable de gestión -- El proceso contable y la estructura patrimonial y de resultados -- Modelos contables -- La unidad de medida -- El capital a mantener -- Los criterios de valuación -- Los modelos contables y su ambito de aplicación -- Reconocimiento contable de las variaciones patrimoniales -- Efecto de las operaciones -- Incertidumbre, contingencias e información contable -- Aspectos legales y profesionales de las normas contables -- Sistemas de información contable -- Proceso para el reconocimiento y formulación de las normas contables utilizadas en la emisión de los estados contables básicos -- Normas legales argentinas -- Organización de la profesión contable y organismos técnicos de estudio en la Argentina -- Normas profesionales extranjeras e internacionales 
653 |a Contabilidad 
653 |a Balance 
653 |a Informes de gestión 
700 1 |a Chaves, Osvaldo A. 
700 1 |a Chyrikins, Héctor 
700 1 |a Dealecsandris, Ricardo P. 
700 1 |a Pahlen Acuña, Ricardo J. M. 
859 |a CEMS  |b BIB. CEMS - 11 de abril  |h 657  |i V671-1  |p 19839.98  |t Ej.1